Capital humano y bienestar económico (Registro nro. 16721)
[ vista simple ]
| 000 -LEADER | |
|---|---|
| campo de control de longitud fija | 00852nam a2200241 i 4500 |
| 001 - NÚMERO DE CONTROL | |
| campo de control | 16721 |
| 003 - IDENTIFICADOR DE NÚMERO DE CONTROL | |
| campo de control | ES-MaACL |
| 005 - FECHA Y HORA DE LA ÚLTIMA TRANSACCIÓN | |
| campo de control | 20240305180120.0 |
| 007 - CAMPO FIJO DE DESCRIPCIÓN FÍSICA--INFORMACIÓN GENERAL | |
| campo de control de longitud fija | t| |
| 008 - DATOS DE LONGITUD FIJA--INFORMACIÓN GENERAL | |
| campo de control de longitud fija | 001026s2000 sp |||| | spa d |
| 080 ## - NÚMERO DE LA CLASIFICACIÓN DECIMAL UNIVERSAL | |
| Número de la Clasificación Decimal Universal | 37:331.5(460) |
| 080 ## - NÚMERO DE LA CLASIFICACIÓN DECIMAL UNIVERSAL | |
| Número de la Clasificación Decimal Universal | 37(460) |
| 245 00 - MENCIÓN DEL TÍTULO | |
| Título | Capital humano y bienestar económico |
| Resto del título | : la necesaria apuesta de España por la educación de calidad / |
| Mención de responsabilidad, etc. | Carmela Martínez (directora) ; Francisco J. Velázquez ... [et al.]. |
| 260 ## - PUBLICACIÓN, DISTRIBUCIÓN, ETC. | |
| Lugar de publicación, distribución, etc. | Madrid : |
| Nombre del editor, distribuidor, etc. | Círculo de Empresarios, |
| Fecha de publicación, distribución, etc. | [2000] |
| 300 ## - DESCRIPCIÓN FÍSICA | |
| Extensión | 212 p. ; |
| Dimensiones | 22 cm. |
| 650 14 - PUNTO DE ACCESO ADICIONAL DE MATERIA--TÉRMINO DE MATERIA | |
| Término de materia o nombre geográfico como elemento de entrada | Eduación y empleo- |
| Subdivisión geográfica | España. |
| 9 (RLIN) | 12072 |
| 650 #7 - PUNTO DE ACCESO ADICIONAL DE MATERIA--TÉRMINO DE MATERIA | |
| Término de materia o nombre geográfico como elemento de entrada | Enseñanza- |
| Subdivisión geográfica | España- |
| Subdivisión cronológica | S.XX |
| Fuente del encabezamiento o término | |
| 9 (RLIN) | 139558 |
| 700 1# - ENTRADA AGREGADA--NOMBRE PERSONAL | |
| Nombre de persona | Martín, Carmela. |
| 9 (RLIN) | 77274 |
| 700 1# - ENTRADA AGREGADA--NOMBRE PERSONAL | |
| Nombre de persona | Velázquez, Francisco J. |
| 9 (RLIN) | 113803 |
| 710 2# - ENTRADA AGREGADA--NOMBRE DE ENTIDAD CORPORATIVA | |
| Nombre de entidad corporativa o nombre de jurisdicción como elemento de entrada | Círculo de Empresarios. |
| 9 (RLIN) | 2821 |
| 852 ## - LOCALIZACIÓN | |
| Ubicación | ES-MaACL |
| Número de control de estantería | L-23672 |
| Estatus retirado | Estado de pérdida | Estado de daño | No para préstamo | Biblioteca de origen | Biblioteca actual | Ubicación en estantería | Fecha de adquisición | Fuente de adquisición | Total de préstamos | Signatura topográfica completa | Código de barras | Visto por última vez | Precio de reemplazo | Tipo de ítem Koha |
|---|---|---|---|---|---|---|---|---|---|---|---|---|---|---|
| Biblioteca del Ateneo de Madrid | Biblioteca del Ateneo de Madrid | Depósito 2 | 17/01/2008 | L-23672 | 1016983 | 23/02/2023 | 23/02/2023 | Libro impreso |
